Ambazonia Trivia - Statistics

General Stats
  • This quiz has been taken 14 times
  • The average score is 4 of 10
Answer Stats
Hint Answer % Correct
Gulf that Ambazonia borders Gulf of {Guinea}
89%
Colour that makes up over 50% of Ambazonia's flag Blue
67%
Most common language in Ambazonia that differentiates it from the rest of Cameroon English
67%
Most populous city Bamenda
44%
Common name for the conflict in Ambazonia Anglophone Crisis
33%
Official Regions that make up Ambazonia North West
33%
Region South West
33%
Bird on Ambazonia's flag Dove
22%
Official cryptocurrency AmbaCoin
11%
Self-proclaimed King of Ambazonia 2017-2022 Lekeaka Oliver
11%
No matching quizzes found
Score Distribution
Percent of People with Each Score
Percentile by Number Answered
Your Score History
You have not taken this quiz